000 00567nam a22001817a 4500
005 20170517125148.0
010 _aENG-118209
020 _a9788189766207
_c995.00
035 _aEN-101741
037 _bDBAD/PUB
082 _a658.7
100 _aR R K Sharma
245 _aMaterial requirement planning system
_cby R R K Sharma
_bHeuristics for improved performance /
260 _aNew Delhi
_bVitasta Publishing
_c2016
270 _a2/15, Ansari Road, Daryaganj, New Delhi-110002
300 _a327p
_c25cm.(Hb)
942 _2ddc
_cEN
_h658.7
_mSHA
999 _c140023
_d140023